[Event "Girls U14 Polish Youth Championship"]
[Site "chess24.com"]
[Date "2018.05.01"]
[Round "4"]
[White "Kaznowska, Weronika"]
[Black "Kieca, Aleksandra"]
[Result "0-1"]
[Board "19"]
[WhiteElo "1131"]
[WhiteCountry "POL"]
[WhiteFideId "21816719"]
[WhiteEloChange "-3"]
[BlackElo "1427"]
[BlackCountry "POL"]
[BlackFideId "21826102"]
[BlackEloChange "3"]

1. d4 {[%clk 1:30:58]} d5 {[%clk 1:30:53]} 2. c4 {[%clk 1:31:23]} c6 {[%clk
1:31:17]} 3. e3 {[%clk 1:31:10]} Nf6 {[%clk 1:31:23]} 4. Nc3 {[%clk 1:31:30]} e6
{[%clk 1:31:23]} 5. Bd2 {[%clk 1:31:24]} Nbd7 {[%clk 1:31:14]} 6. Nf3 {[%clk
1:31:39]} Bd6 {[%clk 1:31:14]} 7. Bd3 {[%clk 1:31:11]} O-O {[%clk 1:30:49]} 8.
O-O {[%clk 1:31:15]} dxc4 {[%clk 1:24:08]} 9. Bxc4 {[%clk 1:30:50]} b5 {[%clk
1:24:16]} 10. Bd3 {[%clk 1:31:00]} Bb7 {[%clk 1:23:47]} 11. Rc1 {[%clk 1:28:54]}
a6 {[%clk 1:21:50]} 12. Ne4 {[%clk 1:25:55]} Nxe4 {[%clk 1:21:11]} 13. Bxe4
{[%clk 1:26:18]} Rc8 {[%clk 1:21:16]} 14. a4 {[%clk 1:24:53]} b4 {[%clk 1:15:15]}
15. b3 {[%clk 1:22:53]} a5 {[%clk 1:13:31]} 16. Ne1 {[%clk 1:19:45]} Qh4 {[%clk
1:11:44]} 17. f4 {[%clk 1:19:46]} Qe7 {[%clk 1:09:50]} 18. Qf3 {[%clk 1:19:39]}
Ba6 {[%clk 1:06:29]} 19. Rf2 {[%clk 1:18:17]} c5 {[%clk 1:05:40]} 20. d5 {[%clk
1:15:08]} exd5 {[%clk 1:04:09]} 21. Bxd5 {[%clk 1:15:04]} Nf6 {[%clk 1:04:12]}
22. Bc4 {[%clk 1:14:57]} Bb7 {[%clk 1:04:20]} 23. Qe2 {[%clk 1:15:01]} Ne4 {[%clk
1:04:02]} 24. Rf1 {[%clk 1:15:16]} Rfd8 {[%clk 1:03:11]} 25. Nf3 {[%clk 1:14:07]}
h6 {[%clk 1:00:52]} 26. Be1 {[%clk 1:14:28]} Re8 {[%clk 0:59:51]} 27. Kh1 {[%clk
1:12:19]} Qc7 {[%clk 0:51:11]} 28. Bb5 {[%clk 1:09:10]} Bc6 {[%clk 0:48:44]} 29.
Bxc6 {[%clk 1:08:47]} Qxc6 {[%clk 0:49:04]} 30. Nd4 {[%clk 1:08:29]} Qd7 {[%clk
0:47:13]} 31. Nc2 {[%clk 1:07:05]} Qe6 {[%clk 0:45:36]} 32. Na1 {[%clk 1:05:04]}
Be7 {[%clk 0:41:37]} 33. Qc4 {[%clk 1:04:26]} Qc6 {[%clk 0:38:41]} 34. Rf3 {[%clk
1:03:39]} Rcd8 {[%clk 0:35:44]} 35. Nc2 {[%clk 1:00:27]} Qb7 {[%clk 0:34:41]} 36.
Rh3 {[%clk 0:57:35]} Rd7 {[%clk 0:31:34]} 37. Rh5 {[%clk 0:57:04]} Bf6 {[%clk
0:27:34]} 38. Qe2 {[%clk 0:54:54]} Kh7 {[%clk 0:19:32]} 39. Rd1 {[%clk 0:51:11]}
Rxd1 {[%clk 0:17:27]} 40. Qxd1 {[%clk 0:51:26]} Rd8 {[%clk 0:16:25]} 41. Qe2
{[%clk 0:48:20]} Qd7 {[%clk 0:15:09]} 42. Qc4 {[%clk 0:45:27]} Qd3 {[%clk
0:13:52]} 43. h3 {[%clk 0:43:33]} Qxc4 {[%clk 0:13:52]} 44. bxc4 {[%clk 0:43:55]}
Rd1 {[%clk 0:14:06]} 45. Rd5 {[%clk 0:43:44]} Rc1 {[%clk 0:14:06]} 46. Rd1 {[%clk
0:43:23]} Rxd1 {[%clk 0:14:20]} 47. Nxb4 {[%clk 0:43:47]} Rxe1+ {[%clk 0:14:31]}
48. Kh2 {[%clk 0:44:11]} Bh4 {[%clk 0:14:37]} 49. g3 {[%clk 0:44:33]} Bxg3+
{[%clk 0:14:54]} 50. Kg2 {[%clk 0:44:58]} cxb4 {[%clk 0:14:55]} 51. c5 {[%clk
0:45:24]} Nxc5 {[%clk 0:14:58]} 52. Kxg3 {[%clk 0:45:49]} Rxe3+ {[%clk 0:15:21]}
53. Kf2 {[%clk 0:46:14]} Rxh3 {[%clk 0:15:42]} 54. Kg2 {[%clk 0:46:41]} Rd3
{[%clk 0:15:55]} 55. f5 {[%clk 0:47:07]} b3 {[%clk 0:16:22]} 56. f6 {[%clk
0:47:32]} b2 {[%clk 0:16:35]} 57. fxg7 {[%clk 0:47:57]} b1Q {[%clk 0:16:22]} 58.
g8Q+ {[%clk 0:47:42]} Kxg8 {[%clk 0:16:39]} 59. Kf2 {[%clk 0:48:10]} Qc2+ {[%clk
0:16:40]} 60. Kg1 {[%clk 0:48:37]} Rd1# {[%clk 0:16:58]} 0-1

[Event "Girls U14 Polish Youth Championship"]
[Site "chess24.com"]
[Date "2018.05.01"]
[Round "4"]
[White "Sokol, Maria"]
[Black "Polakowska, Agnieszka"]
[Result "1-0"]
[Board "20"]
[WhiteElo "1401"]
[WhiteCountry "POL"]
[WhiteFideId "21823383"]
[WhiteEloChange "4"]
[BlackElo "1180"]
[BlackCountry "POL"]
[BlackFideId "21800804"]
[BlackEloChange "-4"]

1. d4 {[%clk 1:30:56]} d5 {[%clk 1:30:53]} 2. c4 {[%clk 1:31:19]} e6 {[%clk
1:31:11]} 3. Nc3 {[%clk 1:31:30]} Nf6 {[%clk 1:31:28]} 4. cxd5 {[%clk 1:31:48]}
exd5 {[%clk 1:31:41]} 5. Bg5 {[%clk 1:30:57]} Nc6 {[%clk 1:31:21]} 6. e3 {[%clk
1:29:53]} Be7 {[%clk 1:31:17]} 7. Bd3 {[%clk 1:27:32]} h6 {[%clk 1:29:59]} 8. Bh4
{[%clk 1:26:48]} a6 {[%clk 1:28:51]} 9. Nge2 {[%clk 1:25:41]} Nb4 {[%clk
1:26:34]} 10. Bb1 {[%clk 1:25:05]} Nc6 {[%clk 1:09:16]} 11. O-O {[%clk 1:23:54]}
Rb8 {[%clk 1:08:59]} 12. a3 {[%clk 1:23:16]} O-O {[%clk 1:09:01]} 13. Qc2 {[%clk
1:23:17]} g6 {[%clk 1:07:49]} 14. Bxf6 {[%clk 1:21:15]} Bxf6 {[%clk 1:08:02]} 15.
Nf4 {[%clk 1:21:40]} Bf5 {[%clk 1:07:13]} 16. Qb3 {[%clk 1:21:28]} Bxb1 {[%clk
1:06:48]} 17. Raxb1 {[%clk 1:21:47]} Ne7 {[%clk 1:05:18]} 18. Nfxd5 {[%clk
1:21:21]} Nxd5 {[%clk 1:05:30]} 19. Nxd5 {[%clk 1:21:31]} Bg7 {[%clk 1:05:39]}
20. Nf4 {[%clk 1:21:30]} Re8 {[%clk 1:04:10]} 21. Rbc1 {[%clk 1:17:01]} Qd6
{[%clk 1:02:59]} 22. Nd3 {[%clk 1:14:59]} b6 {[%clk 1:02:49]} 23. Qb4 {[%clk
1:15:22]} Qd7 {[%clk 1:00:29]} 24. Qc4 {[%clk 1:11:41]} Rec8 {[%clk 0:57:02]} 25.
Qxa6 {[%clk 1:11:35]} Qd6 {[%clk 0:46:57]} 26. Qc4 {[%clk 1:10:39]} c6 {[%clk
0:46:31]} 27. Rfd1 {[%clk 1:10:12]} Rc7 {[%clk 0:43:49]} 28. Qb4 {[%clk 1:10:28]}
Qd5 {[%clk 0:43:42]} 29. Qc4 {[%clk 1:10:05]} Qd6 {[%clk 0:43:33]} 30. Nb4 {[%clk
1:09:05]} Rbc8 {[%clk 0:43:34]} 31. Qe2 {[%clk 1:08:34]} Qe6 {[%clk 0:41:56]} 32.
Nd3 {[%clk 1:08:11]} Rd7 {[%clk 0:41:16]} 33. Nf4 {[%clk 1:07:21]} Qe8 {[%clk
0:41:05]} 34. Qf3 {[%clk 1:07:40]} Rd6 {[%clk 0:41:06]} 35. Qe2 {[%clk 1:06:23]}
Ra8 {[%clk 0:36:47]} 36. Rc2 {[%clk 1:05:30]} Qd8 {[%clk 0:34:58]} 37. Rdc1
{[%clk 1:05:46]} Rc8 {[%clk 0:35:07]} 38. Qf3 {[%clk 1:06:02]} Qd7 {[%clk
0:35:22]} 39. Qh3 {[%clk 1:06:00]} Qb7 {[%clk 0:35:09]} 40. Nd3 {[%clk 1:06:14]}
Rc7 {[%clk 0:30:14]} 41. g3 {[%clk 1:04:37]} c5 {[%clk 0:24:21]} 42. Qf1 {[%clk
1:04:06]} Rcd7 {[%clk 0:24:01]} 43. dxc5 {[%clk 1:03:41]} Rxd3 {[%clk 0:22:48]}
44. c6 {[%clk 1:04:06]} Qa7 {[%clk 0:22:44]} 45. cxd7 {[%clk 1:04:24]} Qxd7
{[%clk 0:22:45]} 46. Qe2 {[%clk 1:04:08]} Rd5 {[%clk 0:22:19]} 47. Kf1 {[%clk
1:03:59]} Qh3+ {[%clk 0:21:54]} 48. Kg1 {[%clk 1:04:22]} Rh5 {[%clk 0:20:10]} 49.
Qf3 {[%clk 1:04:15]} Qxh2+ {[%clk 0:19:29]} 50. Kf1 {[%clk 1:04:38]} Bxb2 {[%clk
0:16:45]} 51. Rxb2 {[%clk 1:03:40]} Qh1+ {[%clk 0:17:00]} 52. Qxh1 {[%clk
1:04:07]} Rxh1+ {[%clk 0:17:23]} 53. Ke2 {[%clk 1:04:32]} Rxc1 {[%clk 0:17:41]}
54. Rxb6 {[%clk 1:04:57]} Rc4 {[%clk 0:17:48]} 55. Rb2 {[%clk 1:05:11]} Ra4
{[%clk 0:17:44]} 56. Ra2 {[%clk 1:05:38]} Kg7 {[%clk 0:17:29]} 57. Kd3 {[%clk
1:06:04]} Kf6 {[%clk 0:17:40]} 58. Kc3 {[%clk 1:06:29]} Ke5 {[%clk 0:17:22]} 59.
Kb3 {[%clk 1:06:55]} Ra6 {[%clk 0:17:08]} 60. a4 {[%clk 1:07:16]} Kd5 {[%clk
0:17:16]} 61. a5 {[%clk 1:07:12]} Kc5 {[%clk 0:17:08]} 62. Ka4 {[%clk 1:07:39]}
f5 {[%clk 0:16:46]} 63. Rc2+ {[%clk 1:08:06]} Kd6 {[%clk 0:16:50]} 64. Kb5 {[%clk
1:08:34]} Ra8 {[%clk 0:16:47]} 65. a6 {[%clk 1:08:58]} Rb8+ {[%clk 0:16:51]} 66.
Ka5 {[%clk 1:09:24]} Rb1 {[%clk 0:15:44]} 67. a7 {[%clk 1:08:48]} Kd7 {[%clk
0:15:49]} 68. Ka6 {[%clk 1:09:11]} g5 {[%clk 0:15:37]} 69. Ra2 {[%clk 1:09:34]}
Kc7 {[%clk 0:15:04]} 70. a8Q {[%clk 1:09:29]} Rb6+ {[%clk 0:15:14]} 71. Ka5
{[%clk 1:09:46]} Rb8 {[%clk 0:15:28]} 72. Rc2+ {[%clk 1:10:10]} Kd7 {[%clk
0:15:49]} 73. Qxb8 {[%clk 1:10:35]} 1-0

[Event "Girls U14 Polish Youth Championship"]
[Site "chess24.com"]
[Date "2018.05.01"]
[Round "4"]
[White "Franek, Diana"]
[Black "Matyjasek, Michalina"]
[Result "0-1"]
[Board "21"]
[WhiteElo "1190"]
[WhiteCountry "POL"]
[WhiteFideId "21856516"]
[WhiteEloChange "-5"]
[BlackElo "1361"]
[BlackCountry "POL"]
[BlackFideId "21816743"]
[BlackEloChange "5"]

1. e4 {[%clk 1:30:58]} c5 {[%clk 1:30:53]} 2. Nf3 {[%clk 1:31:15]} Nc6 {[%clk
1:31:17]} 3. d4 {[%clk 1:31:37]} cxd4 {[%clk 1:31:41]} 4. Nxd4 {[%clk 1:31:59]}
g6 {[%clk 1:32:07]} 5. Nc3 {[%clk 1:32:02]} Bg7 {[%clk 1:32:30]} 6. Be3 {[%clk
1:31:58]} Nf6 {[%clk 1:32:50]} 7. Bc4 {[%clk 1:31:31]} O-O {[%clk 1:33:00]} 8.
Bb3 {[%clk 1:31:45]} d6 {[%clk 1:30:57]} 9. f3 {[%clk 1:29:29]} Qb6 {[%clk
1:24:45]} 10. Qd2 {[%clk 1:27:16]} Nxd4 {[%clk 0:54:28]} 11. Bxd4 {[%clk
1:26:42]} Nxe4 {[%clk 0:54:02]} 12. Nd5 {[%clk 0:53:38]} Nxd2 {[%clk 0:31:09]}
13. Bxb6 {[%clk 0:45:04]} Nxf3+ {[%clk 0:28:43]} 14. gxf3 {[%clk 0:45:04]} axb6
{[%clk 0:29:01]} 15. Nxe7+ {[%clk 0:42:09]} Kh8 {[%clk 0:29:23]} 16. O-O-O {[%clk
0:41:42]} Be5 {[%clk 0:28:08]} 17. Nd5 {[%clk 0:41:36]} b5 {[%clk 0:25:31]} 18.
f4 {[%clk 0:38:07]} Bg4 {[%clk 0:23:41]} 19. Rd2 {[%clk 0:37:33]} Bf3 {[%clk
0:22:49]} 20. Rf1 {[%clk 0:36:22]} Bxd5 {[%clk 0:22:02]} 21. Rxd5 {[%clk
0:36:13]} Bg7 {[%clk 0:22:02]} 22. Rxd6 {[%clk 0:35:58]} Ra6 {[%clk 0:20:57]} 23.
Rd7 {[%clk 0:34:46]} Rf6 {[%clk 0:20:05]} 24. f5 {[%clk 0:32:20]} Bh6+ {[%clk
0:19:30]} 25. Kb1 {[%clk 0:32:01]} b6 {[%clk 0:19:38]} 26. Rd5 {[%clk 0:30:43]}
Be3 {[%clk 0:19:41]} 27. c3 {[%clk 0:27:50]} Bc5 {[%clk 0:19:48]} 28. Bc2 {[%clk
0:27:38]} b4 {[%clk 0:20:04]} 29. c4 {[%clk 0:27:05]} Re8 {[%clk 0:20:14]} 30.
Rfd1 {[%clk 0:26:02]} Re2 {[%clk 0:19:41]} 31. fxg6 {[%clk 0:25:00]} hxg6 {[%clk
0:19:45]} 32. h4 {[%clk 0:25:12]} Rh2 {[%clk 0:19:49]} 33. h5 {[%clk 0:24:20]}
Rxh5 {[%clk 0:19:23]} 34. Rxh5+ {[%clk 0:20:51]} gxh5 {[%clk 0:19:39]} 35. Rh1
{[%clk 0:21:08]} Rh6 {[%clk 0:19:52]} 36. Bd1 {[%clk 0:20:42]} h4 {[%clk
0:20:10]} 37. Kc2 {[%clk 0:20:13]} h3 {[%clk 0:19:28]} 38. Bf3 {[%clk 0:18:39]}
h2 {[%clk 0:19:20]} 39. Kd3 {[%clk 0:17:37]} Bd6 {[%clk 0:18:55]} 40. Bd5 {[%clk
0:14:35]} Kg7 {[%clk 0:16:51]} 41. Rf1 {[%clk 0:14:12]} f6 {[%clk 0:17:08]} 42.
Ke3 {[%clk 0:13:15]} Rh4 {[%clk 0:15:16]} 43. Kf2 {[%clk 0:12:34]} Rd4 {[%clk
0:14:49]} 44. Ke3 {[%clk 0:12:05]} Bc5 {[%clk 0:14:19]} 45. Ke2 {[%clk 0:12:18]}
Kg6 {[%clk 0:13:46]} 46. Rh1 {[%clk 0:12:08]} Bd6 {[%clk 0:13:56]} 47. Ke3 {[%clk
0:11:31]} Rg4 {[%clk 0:13:40]} 48. Kf2 {[%clk 0:09:20]} f5 {[%clk 0:13:01]} 49.
a3 {[%clk 0:09:05]} bxa3 {[%clk 0:10:29]} 50. bxa3 {[%clk 0:09:27]} Bc5+ {[%clk
0:10:50]} 51. Kf3 {[%clk 0:09:12]} Bg1 {[%clk 0:09:23]} 52. Be6 {[%clk 0:07:29]}
Kf6 {[%clk 0:09:22]} 53. Bd5 {[%clk 0:07:38]} Ke5 {[%clk 0:07:42]} 54. Bf7 {[%clk
0:07:01]} Rg7 {[%clk 0:06:47]} 55. Be8 {[%clk 0:06:58]} f4 {[%clk 0:06:34]} 56.
a4 {[%clk 0:07:07]} Rg3+ {[%clk 0:06:38]} 57. Ke2 {[%clk 0:07:09]} Kd4 {[%clk
0:06:39]} 58. Bb5 {[%clk 0:07:08]} f3+ {[%clk 0:06:51]} 59. Kf1 {[%clk 0:07:16]}
Rg7 {[%clk 0:05:54]} 60. Ke1 {[%clk 0:06:25]} Rg2 {[%clk 0:05:26]} 61. c5 {[%clk
0:06:27]} bxc5 {[%clk 0:05:00]} 62. Bf1 {[%clk 0:06:42]} Ra2 {[%clk 0:05:10]} 63.
a5 {[%clk 0:06:06]} Kc3 {[%clk 0:05:11]} 64. a6 {[%clk 0:05:58]} Ra1# {[%clk
0:05:31]} 0-1

[Event "Girls U14 Polish Youth Championship"]
[Site "chess24.com"]
[Date "2018.05.01"]
[Round "4"]
[White "Sloniewska, Alicja"]
[Black "Retz, Agnieszka"]
[Result "1-0"]
[Board "22"]
[WhiteElo "1360"]
[WhiteCountry "POL"]
[WhiteFideId "21823359"]
[WhiteEloChange "5"]
[BlackElo "1172"]
[BlackCountry "POL"]
[BlackFideId "21819408"]
[BlackEloChange "-5"]

1. d4 {[%clk 1:30:48]} d5 {[%clk 1:30:50]} 2. c4 {[%clk 1:30:49]} e6 {[%clk
1:31:00]} 3. cxd5 {[%clk 1:30:55]} exd5 {[%clk 1:31:10]} 4. Nc3 {[%clk 1:30:47]}
Nf6 {[%clk 1:31:22]} 5. Bg5 {[%clk 1:30:31]} Nbd7 {[%clk 1:30:17]} 6. e3 {[%clk
1:30:13]} c6 {[%clk 1:30:21]} 7. Bd3 {[%clk 1:29:47]} Qa5 {[%clk 1:30:08]} 8. Ne2
{[%clk 1:29:23]} Ne4 {[%clk 1:29:53]} 9. Bf4 {[%clk 1:28:12]} Ndf6 {[%clk
1:26:19]} 10. O-O {[%clk 1:27:25]} Qd8 {[%clk 1:20:17]} 11. Rb1 {[%clk 1:24:09]}
Bd6 {[%clk 1:17:52]} 12. Qc2 {[%clk 1:22:01]} Bxf4 {[%clk 1:15:29]} 13. Nxf4
{[%clk 1:21:20]} Bf5 {[%clk 1:15:15]} 14. Na4 {[%clk 1:15:55]} Qc8 {[%clk
1:14:29]} 15. Nc5 {[%clk 1:13:03]} b6 {[%clk 1:12:36]} 16. Nb3 {[%clk 1:10:58]}
O-O {[%clk 1:11:36]} 17. Rfc1 {[%clk 1:08:47]} Bd7 {[%clk 1:07:02]} 18. Qe2
{[%clk 1:06:32]} Bf5 {[%clk 1:03:35]} 19. Nd2 {[%clk 1:03:23]} Nxd2 {[%clk
1:01:14]} 20. Qxd2 {[%clk 1:03:09]} Qd7 {[%clk 1:01:14]} 21. b4 {[%clk 1:02:48]}
Rfc8 {[%clk 1:00:27]} 22. Qc2 {[%clk 1:01:05]} Ne4 {[%clk 1:00:12]} 23. Qd1
{[%clk 0:54:13]} c5 {[%clk 0:55:21]} 24. bxc5 {[%clk 0:49:04]} bxc5 {[%clk
0:55:13]} 25. dxc5 {[%clk 0:48:33]} Rxc5 {[%clk 0:52:54]} 26. Rxc5 {[%clk
0:47:25]} Nxc5 {[%clk 0:53:14]} 27. Bxf5 {[%clk 0:47:12]} Qxf5 {[%clk 0:53:33]}
28. Nxd5 {[%clk 0:45:59]} Kf8 {[%clk 0:51:40]} 29. Nf4 {[%clk 0:43:43]} g6 {[%clk
0:50:02]} 30. Qd6+ {[%clk 0:42:08]} Kg8 {[%clk 0:48:51]} 31. Rc1 {[%clk 0:39:33]}
Rc8 {[%clk 0:43:02]} 32. Nd5 {[%clk 0:38:49]} Re8 {[%clk 0:25:53]} 33. Nf6+
{[%clk 0:38:32]} Kh8 {[%clk 0:24:31]} 34. Nxe8 {[%clk 0:38:47]} Ne6 {[%clk
0:24:29]} 35. Qb8 {[%clk 0:38:10]} Qa5 {[%clk 0:23:13]} 36. Nd6+ {[%clk 0:38:04]}
Kg7 {[%clk 0:22:33]} 37. Qb2+ {[%clk 0:38:27]} Kh6 {[%clk 0:22:31]} 38. Nxf7+
{[%clk 0:38:51]} Kh5 {[%clk 0:22:25]} 39. Qe2+ {[%clk 0:39:17]} 1-0

[Event "Girls U14 Polish Youth Championship"]
[Site "chess24.com"]
[Date "2018.05.01"]
[Round "4"]
[White "Lewandowska, Weronika"]
[Black "Cieslak, Jessica"]
[Result "0-1"]
[Board "23"]
[WhiteElo "1219"]
[WhiteCountry "POL"]
[WhiteFideId "21814198"]
[WhiteEloChange "-6"]
[BlackElo "1357"]
[BlackCountry "POL"]
[BlackFideId "21819521"]
[BlackEloChange "6"]

1. d4 {[%clk 1:30:59]} f5 {[%clk 1:30:51]} 2. c4 {[%clk 1:31:07]} Nf6 {[%clk
1:31:11]} 3. Nc3 {[%clk 1:31:11]} g6 {[%clk 1:31:28]} 4. Nf3 {[%clk 1:30:59]} Bg7
{[%clk 1:31:42]} 5. e3 {[%clk 1:30:03]} O-O {[%clk 1:31:56]} 6. Bd3 {[%clk
1:28:43]} d6 {[%clk 1:31:46]} 7. O-O {[%clk 1:27:31]} Re8 {[%clk 1:31:02]} 8. d5
{[%clk 1:21:14]} e6 {[%clk 1:29:00]} 9. Re1 {[%clk 1:14:06]} e5 {[%clk 1:26:09]}
10. e4 {[%clk 1:13:00]} f4 {[%clk 1:21:11]} 11. b4 {[%clk 1:05:14]} Na6 {[%clk
1:18:57]} 12. a3 {[%clk 1:03:25]} b6 {[%clk 1:17:14]} 13. Na4 {[%clk 0:58:30]}
Nd7 {[%clk 1:15:07]} 14. Bb2 {[%clk 0:48:51]} g5 {[%clk 1:09:33]} 15. g3 {[%clk
0:43:01]} g4 {[%clk 1:09:24]} 16. Nh4 {[%clk 0:43:00]} f3 {[%clk 1:09:04]} 17.
Bc1 {[%clk 0:39:22]} Bf6 {[%clk 1:06:55]} 18. Nf5 {[%clk 0:37:55]} Nf8 {[%clk
1:06:13]} 19. b5 {[%clk 0:32:46]} Nc5 {[%clk 1:05:54]} 20. Nxc5 {[%clk 0:32:34]}
bxc5 {[%clk 1:06:13]} 21. Nh6+ {[%clk 0:29:28]} Kg7 {[%clk 1:06:26]} 22. Qd2
{[%clk 0:28:15]} Rb8 {[%clk 0:57:22]} 23. Nf5+ {[%clk 0:21:34]} Bxf5 {[%clk
0:55:34]} 24. Qh6+ {[%clk 0:20:42]} Kg8 {[%clk 0:53:50]} 25. exf5 {[%clk
0:20:42]} e4 {[%clk 0:52:53]} 26. Rb1 {[%clk 0:13:33]} Bc3 {[%clk 0:51:11]} 27.
Rxe4 {[%clk 0:13:21]} Rxe4 {[%clk 0:51:05]} 28. Bxe4 {[%clk 0:13:09]} Qe7 {[%clk
0:50:46]} 29. Qg5+ {[%clk 0:12:47]} Qxg5 {[%clk 0:50:47]} 30. Bxg5 {[%clk
0:13:09]} Re8 {[%clk 0:50:37]} 31. Bd3 {[%clk 0:13:07]} Nd7 {[%clk 0:50:30]} 32.
Kf1 {[%clk 0:10:58]} Ne5 {[%clk 0:50:28]} 33. Bf6 {[%clk 0:07:45]} Nxd3 {[%clk
0:46:47]} 34. Bxc3 {[%clk 0:08:00]} Re2 {[%clk 0:46:26]} 35. Be1 {[%clk 0:07:48]}
Rc2 {[%clk 0:46:01]} 36. Rb3 {[%clk 0:06:46]} Nxe1 {[%clk 0:44:52]} 37. Kxe1
{[%clk 0:07:02]} Rxc4 {[%clk 0:45:18]} 38. Re3 {[%clk 0:05:32]} Kf7 {[%clk
0:44:59]} 39. Kd2 {[%clk 0:03:58]} Rd4+ {[%clk 0:44:53]} 40. Rd3 {[%clk 0:04:13]}
Rxd3+ {[%clk 0:41:32]} 41. Kxd3 {[%clk 0:04:35]} Kf6 {[%clk 0:41:41]} 42. Ke4
{[%clk 0:03:33]} h6 {[%clk 0:41:56]} 43. a4 {[%clk 0:03:41]} h5 {[%clk 0:42:21]}
44. a5 {[%clk 0:04:00]} c4 {[%clk 0:42:20]} 45. Kd4 {[%clk 0:04:09]} Kxf5 {[%clk
0:42:19]} 46. Kc3 {[%clk 0:03:02]} Ke5 {[%clk 0:42:09]} 47. Kxc4 {[%clk 0:03:05]}
Ke4 {[%clk 0:42:31]} 48. a6 {[%clk 0:01:24]} Ke5 {[%clk 0:42:38]} 49. Kb4 {[%clk
0:01:21]} Kxd5 {[%clk 0:42:49]} 50. b6 {[%clk 0:01:37]} cxb6 {[%clk 0:43:03]} 51.
Kb5 {[%clk 0:01:59]} Ke5 {[%clk 0:41:36]} 52. Kc6 {[%clk 0:02:20]} b5 {[%clk
0:40:49]} 53. Kb7 {[%clk 0:02:06]} b4 {[%clk 0:40:57]} 54. Kxa7 {[%clk 0:02:25]}
b3 {[%clk 0:41:19]} 55. h3 {[%clk 0:01:58]} gxh3 {[%clk 0:41:17]} 56. g4 {[%clk
0:01:55]} h2 {[%clk 0:41:26]} 57. Ka8 {[%clk 0:02:16]} hxg4 {[%clk 0:40:55]} 58.
a7 {[%clk 0:02:31]} b2 {[%clk 0:40:59]} 59. Kb7 {[%clk 0:02:24]} b1Q+ {[%clk
0:41:18]} 60. Ka8 {[%clk 0:02:20]} Qa2 {[%clk 0:41:37]} 61. Kb7 {[%clk 0:01:54]}
h1Q {[%clk 0:41:40]} 62. Kc7 {[%clk 0:01:53]} Qxa7+ {[%clk 0:41:29]} 63. Kc6
{[%clk 0:02:01]} Qc1+ {[%clk 0:41:41]} 64. Kb5 {[%clk 0:02:23]} Qb7+ {[%clk
0:41:51]} 0-1

[Event "Girls U14 Polish Youth Championship"]
[Site "chess24.com"]
[Date "2018.05.01"]
[Round "4"]
[White "Gromek, Aleksandra"]
[Black "Szewczyk, Malwina"]
[Result "0-1"]
[Board "24"]
[WhiteElo "1101"]
[WhiteCountry "POL"]
[WhiteFideId "21866619"]
[WhiteEloChange "-6"]
[BlackElo "1257"]
[BlackCountry "POL"]
[BlackFideId "21801649"]
[BlackEloChange "6"]

1. e4 {[%clk 1:30:30]} c5 {[%clk 1:30:30]} 2. Nc3 {[%clk 1:30:30]} Nc6 {[%clk
1:30:30]} 3. g3 {[%clk 1:30:30]} g6 {[%clk 1:30:30]} 4. Bg2 {[%clk 1:30:30]} Bg7
{[%clk 1:30:30]} 5. d3 {[%clk 1:30:30]} e6 {[%clk 1:30:30]} 6. f4 {[%clk
1:30:30]} Nge7 {[%clk 1:30:30]} 7. Nf3 {[%clk 1:30:30]} O-O {[%clk 1:30:30]} 8.
O-O {[%clk 1:30:30]} d5 {[%clk 1:30:30]} 9. Re1 {[%clk 1:30:30]} Nd4 {[%clk
1:30:30]} 10. Nxd4 {[%clk 1:30:30]} Bxd4+ {[%clk 1:30:30]} 11. Be3 {[%clk
1:30:30]} Bxe3+ {[%clk 1:30:30]} 12. Rxe3 {[%clk 1:30:30]} d4 {[%clk 1:30:30]}
13. Re1 {[%clk 1:30:30]} dxc3 {[%clk 1:30:30]} 14. bxc3 {[%clk 1:30:30]} Nc6
{[%clk 1:30:30]} 15. Qd2 {[%clk 1:30:30]} c4 {[%clk 1:30:30]} 16. Rad1 {[%clk
1:30:30]} cxd3 {[%clk 1:30:30]} 17. cxd3 {[%clk 1:30:30]} e5 {[%clk 1:30:30]} 18.
Rf1 {[%clk 1:30:30]} Bg4 {[%clk 1:30:30]} 19. Bf3 {[%clk 1:30:30]} Bxf3 {[%clk
1:30:30]} 20. Rxf3 {[%clk 1:30:30]} exf4 {[%clk 1:30:30]} 21. Qxf4 {[%clk
1:30:30]} Qa5 {[%clk 1:30:30]} 22. Qd2 {[%clk 1:30:30]} Rac8 {[%clk 1:30:30]} 23.
Rc1 {[%clk 1:30:30]} b5 {[%clk 1:30:30]} 24. Rff1 {[%clk 1:30:30]} b4 {[%clk
1:30:30]} 25. cxb4 {[%clk 1:30:30]} Qxb4 {[%clk 1:30:30]} 26. Qe3 {[%clk
1:30:30]} Qd4 {[%clk 1:30:30]} 27. Qxd4 {[%clk 1:30:30]} Nxd4 {[%clk 1:30:30]}
28. Rce1 {[%clk 1:30:30]} Rc2 {[%clk 1:30:30]} 29. Ra1 {[%clk 1:30:30]} Rd2
{[%clk 1:30:30]} 30. Rfd1 {[%clk 1:30:30]} Rxd1+ {[%clk 1:30:30]} 31. Rxd1 {[%clk
1:30:30]} Rc8 {[%clk 1:30:30]} 32. Rb1 {[%clk 1:30:30]} Rc2 {[%clk 1:30:30]} 33.
Rb8+ {[%clk 1:30:30]} Kg7 {[%clk 1:30:30]} 34. Rd8 {[%clk 1:30:30]} Nf3+ {[%clk
1:30:30]} 35. Kf1 {[%clk 1:30:30]} Nxh2+ {[%clk 1:30:30]} 36. Ke1 {[%clk
1:30:30]} Nf3+ {[%clk 1:30:30]} 37. Kf1 {[%clk 1:30:30]} Rxa2 {[%clk 1:30:30]}
38. Ra8 {[%clk 1:30:30]} a5 {[%clk 1:30:30]} 39. g4 {[%clk 1:30:30]} a4 {[%clk
1:30:30]} 40. g5 {[%clk 1:30:30]} a3 {[%clk 1:30:30]} 41. d4 {[%clk 1:30:30]}
Nxd4 {[%clk 1:30:30]} 42. Ra4 {[%clk 1:30:30]} Nf3 {[%clk 1:30:30]} 43. Ra7
{[%clk 1:30:30]} Nxg5 {[%clk 1:30:30]} 44. Ra4 {[%clk 1:30:30]} Ra1+ {[%clk
1:30:30]} 45. Ke2 {[%clk 1:30:30]} a2 {[%clk 1:30:30]} 46. Kd2 {[%clk 1:30:30]}
Rh1 {[%clk 1:30:30]} 47. Ke3 {[%clk 1:30:30]} a1Q {[%clk 1:30:30]} 48. Rxa1
{[%clk 1:30:30]} Rxa1 {[%clk 1:30:30]} 0-1